LEADER 01260nam--2200409---450- 001 990000307330203316 005 20080513181902.0 010 $a1-56091-751-2 035 $a0030733 035 $aUSA010030733 035 $a(ALEPH)000030733USA01 035 $a0030733 100 $a20001129d1997----km-y0itay0103----ba 101 0 $aENG 102 $aUS 105 $a||||||||001yy 200 1 $aElectric vehicles$edriving towarda commercialization$ePT-58$fedited by Ron Sims and Bradford Bates 210 $aWarrendale$cSociety of Automotive Engineers, inc.$dcopyr. 1997 215 $a311 p.$d28 cm 225 2 $aProgress in technology$v58 410 0$12001$aProgress in technology$v58 606 $aAutoveicoli a trazione elettrica 676 $a629.2293 702 1$aSIMS,$bRon 702 1$aBATES,$bBradford 801 0$aIT$bsalbc$gISBD 912 $a990000307330203316 951 $a629.2293 ELE$b15538 ING$c629$d00068061 959 $aBK 969 $aTEC 979 $aTAMI$b40$c20001129$lUSA01$h1753 979 $aTAMI$b40$c20001129$lUSA01$h1754 979 $c20020403$lUSA01$h1638 979 $aPATRY$b90$c20040406$lUSA01$h1621 979 $aPATRY$b90$c20080513$lUSA01$h1819 996 $aElectric vehicles$9880683 997 $aUNISA LEADER 02900nam 2200601Ia 450 001 9910465484803321 005 20220207202600.0 010 $a1-283-09578-5 010 $a9786613095787 010 $a1-935209-61-2 035 $a(CKB)2560000000072520 035 $a(EBL)684251 035 $a(OCoLC)714569661 035 $a(SSID)ssj0000536848 035 $a(PQKBManifestationID)11330510 035 $a(PQKBTitleCode)TC0000536848 035 $a(PQKBWorkID)10550003 035 $a(PQKB)10675803 035 $a(MiAaPQ)EBC684251 035 $a(MiAaPQ)EBC6081450 035 $a(Au-PeEL)EBL684251 035 $a(CaPaEBR)ebr10464378 035 $a(CaONFJC)MIL309578 035 $a(Au-PeEL)EBL6081450 035 $a(OCoLC)1155934600 035 $a(EXLCZ)992560000000072520 100 $a20040604d2004 uy 0 101 0 $aeng 135 $aur|n|---||||| 181 $ctxt 182 $cc 183 $acr 200 10$aFreedom wherever we go$b[electronic resource] $ea Buddhist monastic code for the 21st century /$fThich Nhat Hanh 210 $aBerkeley, Calif. $cParallax Press$dc2004 215 $a1 online resource (177 p.) 300 $aDescription based upon print version of record. 311 $a1-888375-44-2 327 $aTable of Contents; Preface; Introduction: Precepts Are Mindfulness; Recitation Ceremony of the Bhikshu Precepts; Recitation Ceremony of the Bhikshuni Precepts; Sangha Restoration Offenses :Methods for Practicing Dwelling Apart, Beginning Anew, and Purifying the Offense; Release and Expression of Regret Offense:Methods for Practicing Expressing Regret and BeginningAnew to be made before the whole Sangha or before threeor two bhikshus representing the whole Sangha; Conclusion: Step by Step 330 $aFreedom Wherever We Go takes the centuries-old Buddhist monastic guidelines of conduct (Pratimoksha) and updates them for the twenty-first century. ""The Buddha,"" Thich Nhat Hanh says, ""needs courageous disciples to make this revolutionary step."" The Pratimoksha can be seen as the Buddhist equivalent to the rules of St. Benedict. Each rule has mindfulness as its foundation. Reading the revised Pratimoksha allows lay practitioners to understand the monastic codes of conduct as well as the monastic lifestyle.This is the first time that this text is made available to lay practitio 606 $aBuddhist monasticism and religious orders$vRules 606 $aMonastic and religious life (Buddhism) 608 $aElectronic books. 615 0$aBuddhist monasticism and religious orders 615 0$aMonastic and religious life (Buddhism) 676 $a294.3/657 700 $aNha??t Ha?nh$cThi?ch,$f1926-2022.$01075870 801 0$bMiAaPQ 801 1$bMiAaPQ 801 2$bMiAaPQ 906 $aBOOK 912 $a9910465484803321 996 $aFreedom wherever we go$92585716 997 $aUNINA